<?xml version="1.0" encoding="UTF-8"?>
<record
    xmlns:xsi="http://www.w3.org/2001/XMLSchema-instance"
    xsi:schemaLocation="http://www.loc.gov/MARC21/slim http://www.loc.gov/standards/marcxml/schema/MARC21slim.xsd"
    xmlns="http://www.loc.gov/MARC21/slim">

  <leader>     nam a22     7a 4500</leader>
  <datafield tag="999" ind1=" " ind2=" ">
    <subfield code="c">49711</subfield>
    <subfield code="d">49711</subfield>
  </datafield>
  <controlfield tag="003">OSt</controlfield>
  <controlfield tag="005">20200212131204.0</controlfield>
  <controlfield tag="008">200212b        xxu||||| |||| 00| 0 eng d</controlfield>
  <datafield tag="040" ind1=" " ind2=" ">
    <subfield code="c">IIMT COLLEGE OF ENGINEERING,GREATER NOIDA</subfield>
  </datafield>
  <datafield tag="100" ind1=" " ind2=" ">
    <subfield code="a">LATHI,B.P. &amp; DING,ZHI</subfield>
  </datafield>
  <datafield tag="245" ind1=" " ind2=" ">
    <subfield code="a">MODERN DIGITAL AND ANALOG COMMUNICATION SYSTEMS</subfield>
  </datafield>
  <datafield tag="260" ind1=" " ind2=" ">
    <subfield code="a">NEW DELHI</subfield>
    <subfield code="b">OXFORD HIGHER EDUCATION</subfield>
    <subfield code="c">2018</subfield>
  </datafield>
  <datafield tag="300" ind1=" " ind2=" ">
    <subfield code="a">964</subfield>
  </datafield>
  <datafield tag="942" ind1=" " ind2=" ">
    <subfield code="2">ddc</subfield>
    <subfield code="c">02</subfield>
  </datafield>
  <datafield tag="952" ind1=" " ind2=" ">
    <subfield code="0">0</subfield>
    <subfield code="1">0</subfield>
    <subfield code="2">ddc</subfield>
    <subfield code="4">0</subfield>
    <subfield code="7">0</subfield>
    <subfield code="a">08</subfield>
    <subfield code="b">08</subfield>
    <subfield code="d">2020-02-12</subfield>
    <subfield code="e">ARISTA PUBLISHERS NEW DELHI</subfield>
    <subfield code="g">595.00</subfield>
    <subfield code="i">IN-242/11/02/2020</subfield>
    <subfield code="l">2</subfield>
    <subfield code="m">1</subfield>
    <subfield code="p">08-B-45604</subfield>
    <subfield code="r">2021-09-16</subfield>
    <subfield code="s">2021-04-10</subfield>
    <subfield code="w">2020-02-12</subfield>
    <subfield code="y">02</subfield>
  </datafield>
  <datafield tag="952" ind1=" " ind2=" ">
    <subfield code="0">0</subfield>
    <subfield code="1">0</subfield>
    <subfield code="2">ddc</subfield>
    <subfield code="4">0</subfield>
    <subfield code="7">0</subfield>
    <subfield code="a">08</subfield>
    <subfield code="b">08</subfield>
    <subfield code="d">2020-02-12</subfield>
    <subfield code="e">ARISTA PUBLISHERS NEW DELHI</subfield>
    <subfield code="g">595.00</subfield>
    <subfield code="i">IN-242/11/02/2020</subfield>
    <subfield code="l">0</subfield>
    <subfield code="p">08-B-45605</subfield>
    <subfield code="r">2020-02-12</subfield>
    <subfield code="w">2020-02-12</subfield>
    <subfield code="y">02</subfield>
  </datafield>
  <datafield tag="952" ind1=" " ind2=" ">
    <subfield code="0">0</subfield>
    <subfield code="1">0</subfield>
    <subfield code="2">ddc</subfield>
    <subfield code="4">0</subfield>
    <subfield code="7">0</subfield>
    <subfield code="a">08</subfield>
    <subfield code="b">08</subfield>
    <subfield code="d">2020-02-12</subfield>
    <subfield code="e">ARISTA PUBLISHERS NEW DELHI</subfield>
    <subfield code="g">595.00</subfield>
    <subfield code="i">IN-242/11/02/2020</subfield>
    <subfield code="l">1</subfield>
    <subfield code="p">08-B-45606</subfield>
    <subfield code="r">2022-04-27</subfield>
    <subfield code="s">2021-12-22</subfield>
    <subfield code="w">2020-02-12</subfield>
    <subfield code="y">02</subfield>
  </datafield>
  <datafield tag="952" ind1=" " ind2=" ">
    <subfield code="0">0</subfield>
    <subfield code="1">0</subfield>
    <subfield code="2">ddc</subfield>
    <subfield code="4">0</subfield>
    <subfield code="7">0</subfield>
    <subfield code="a">08</subfield>
    <subfield code="b">08</subfield>
    <subfield code="d">2020-02-12</subfield>
    <subfield code="e">ARISTA PUBLISHERS NEW DELHI</subfield>
    <subfield code="g">595.00</subfield>
    <subfield code="i">IN-242/11/02/2020</subfield>
    <subfield code="l">0</subfield>
    <subfield code="p">08-B-45607</subfield>
    <subfield code="r">2020-02-12</subfield>
    <subfield code="w">2020-02-12</subfield>
    <subfield code="y">02</subfield>
  </datafield>
  <datafield tag="952" ind1=" " ind2=" ">
    <subfield code="0">0</subfield>
    <subfield code="1">0</subfield>
    <subfield code="2">ddc</subfield>
    <subfield code="4">0</subfield>
    <subfield code="7">0</subfield>
    <subfield code="a">08</subfield>
    <subfield code="b">08</subfield>
    <subfield code="d">2020-02-12</subfield>
    <subfield code="e">ARISTA PUBLISHERS NEW DELHI</subfield>
    <subfield code="g">595.00</subfield>
    <subfield code="i">IN-242/11/02/2020</subfield>
    <subfield code="l">0</subfield>
    <subfield code="p">08-B-45608</subfield>
    <subfield code="r">2020-02-12</subfield>
    <subfield code="w">2020-02-12</subfield>
    <subfield code="y">02</subfield>
  </datafield>
  <datafield tag="952" ind1=" " ind2=" ">
    <subfield code="0">0</subfield>
    <subfield code="1">0</subfield>
    <subfield code="2">ddc</subfield>
    <subfield code="4">0</subfield>
    <subfield code="7">0</subfield>
    <subfield code="a">08</subfield>
    <subfield code="b">08</subfield>
    <subfield code="d">2020-02-12</subfield>
    <subfield code="e">ARISTA PUBLISHERS NEW DELHI</subfield>
    <subfield code="g">595.00</subfield>
    <subfield code="i">IN-242/11/02/2020</subfield>
    <subfield code="l">0</subfield>
    <subfield code="p">08-B-45609</subfield>
    <subfield code="r">2020-02-12</subfield>
    <subfield code="w">2020-02-12</subfield>
    <subfield code="y">02</subfield>
  </datafield>
  <datafield tag="952" ind1=" " ind2=" ">
    <subfield code="0">0</subfield>
    <subfield code="1">0</subfield>
    <subfield code="2">ddc</subfield>
    <subfield code="4">0</subfield>
    <subfield code="7">0</subfield>
    <subfield code="a">08</subfield>
    <subfield code="b">08</subfield>
    <subfield code="d">2020-02-12</subfield>
    <subfield code="e">ARISTA PUBLISHERS NEW DELHI</subfield>
    <subfield code="g">595.00</subfield>
    <subfield code="i">IN-242/11/02/2020</subfield>
    <subfield code="l">0</subfield>
    <subfield code="p">08-B-45610</subfield>
    <subfield code="r">2020-02-12</subfield>
    <subfield code="w">2020-02-12</subfield>
    <subfield code="y">02</subfield>
  </datafield>
  <datafield tag="952" ind1=" " ind2=" ">
    <subfield code="0">0</subfield>
    <subfield code="1">0</subfield>
    <subfield code="2">ddc</subfield>
    <subfield code="4">0</subfield>
    <subfield code="7">0</subfield>
    <subfield code="a">08</subfield>
    <subfield code="b">08</subfield>
    <subfield code="d">2020-02-12</subfield>
    <subfield code="e">ARISTA PUBLISHERS NEW DELHI</subfield>
    <subfield code="g">595.00</subfield>
    <subfield code="i">IN-242/11/02/2020</subfield>
    <subfield code="l">0</subfield>
    <subfield code="p">08-B-45611</subfield>
    <subfield code="r">2020-02-12</subfield>
    <subfield code="w">2020-02-12</subfield>
    <subfield code="y">02</subfield>
  </datafield>
  <datafield tag="952" ind1=" " ind2=" ">
    <subfield code="0">0</subfield>
    <subfield code="1">0</subfield>
    <subfield code="2">ddc</subfield>
    <subfield code="4">0</subfield>
    <subfield code="7">0</subfield>
    <subfield code="a">08</subfield>
    <subfield code="b">08</subfield>
    <subfield code="d">2020-02-12</subfield>
    <subfield code="e">ARISTA PUBLISHERS NEW DELHI</subfield>
    <subfield code="g">595.00</subfield>
    <subfield code="i">IN-242/11/02/2020</subfield>
    <subfield code="l">0</subfield>
    <subfield code="p">08-B-45612</subfield>
    <subfield code="r">2020-02-12</subfield>
    <subfield code="w">2020-02-12</subfield>
    <subfield code="y">02</subfield>
  </datafield>
  <datafield tag="952" ind1=" " ind2=" ">
    <subfield code="0">0</subfield>
    <subfield code="1">0</subfield>
    <subfield code="2">ddc</subfield>
    <subfield code="4">0</subfield>
    <subfield code="7">0</subfield>
    <subfield code="a">08</subfield>
    <subfield code="b">08</subfield>
    <subfield code="d">2020-02-12</subfield>
    <subfield code="e">ARISTA PUBLISHERS NEW DELHI</subfield>
    <subfield code="g">595.00</subfield>
    <subfield code="i">IN-242/11/02/2020</subfield>
    <subfield code="l">0</subfield>
    <subfield code="p">08-B-45613</subfield>
    <subfield code="r">2020-02-12</subfield>
    <subfield code="w">2020-02-12</subfield>
    <subfield code="y">02</subfield>
  </datafield>
</record>
